LEADER 01189nam a2200265 u 4500 001 000000090591 003 CaOOAMICUS 005 20070226124735.0 008 051215s1962 it af u000 u ita u 035 $a11072865 040 $aPUL(R)$bita 100 1 $aMassi, Pacifico,$csac.$0(OLS)http://pul/name/17623 245 12$aL'assemblea del popolo dio Dio /$ccan. prof. Pacifico Massi. 260 $aAscoli Piceno :$bCentro catechistico diocesano,$c1962. 300 $a371 p., [10] c. di tav. :$bill. ;$c21 cm 490 1 $aSussidi di catechesi biblico-liturgica ;$v3 504 $aInclude apparati bibliografici. 505 1 $av. 1. Nella storia della salvezza. 650 4$aChiesa cattolica$xpastorale$xgiovani.$0(OLS)http://pul/subject/2596 830 0$aSussidi di catechesi biblico-liturgica ;$v3.$0(OLS)http://pul/title/116980 850 $aPUL 852 $aPUL$W1$xDP1 Fondo Pastorale$y55$mP19 D 3$j114292$nBK-PRI$b $qFondi$B114292$CPULBib$Z2$F114292 $H $81 941 1 $a1 996 $6245$aL'assemblea del popolo dio Dio$9(OLS)http://pul/title/116979 996 $6260$aAscoli Piceno :$bCentro catechistico diocesano$9(OLS)http://pul/publisher/78517